[Event "13th EICC"]
[Site "Plovdiv BUL"]
[Date "2012.03.22"]
[Round "3.39"]
[White "Khismatullin, Denis"]
[Black "Maiorov, Nikita1"]
[Result "1/2-1/2"]
[WhiteTitle "GM"]
[BlackTitle "GM"]
[WhiteElo "2656"]
[BlackElo "2552"]
[WhiteFideId "4142578"]
[BlackFideId "13501720"]
[EventDate "2012.03.20"]
[EventType "swiss"]

1. c4 Nf6 2. Nc3 e5 3. Nf3 Nc6 4. g3 Bb4 5. Nd5 Bc5 6. Bg2 O-O 7. O-O d6 8. e3
a6 9. Qc2 h6 10. a3 Ba7 11. Nc3 Be6 12. b3 Qd7 13. Bb2 Bf5 14. d3 Nd8 15. Rad1
Bh7 16. b4 Ne6 17. Qb3 c6 18. c5 dxc5 19. Nxe5 Qe7 20. Na4 cxb4 21. axb4 Nd5 22.
d4 Nxb4 23. Ba3 a5 24. Nc3 c5 25. Nd5 Qe8 26. Qb2 cxd4 27. Nxb4 axb4 28. Bxb4
Qb5 29. Ba3 Qxe5 30. Bxf8 Rxf8 31. exd4 Bxd4 32. Qxb7 Rd8 33. Kh1 Nc5 34. Qb6
Ne6 35. Qc6 Qf6 36. Be4 g6 37. h4 Kg7 38. Rd2 Rb8 39. Qc4 Be5 40. Rfd1 Bc3 41.
Rd7 Rb4 42. Rxf7+ Kxf7 43. Rd7+ Kg8 44. Qc8+ Qf8 45. Qc6 Rxe4 46. Qxe4 Qf5 47.
Qc4 Bf6 48. Rd5 Qh3+ 49. Kg1 Kf7 50. Rd7+ Be7 51. Qb4 Nc5 52. Rxe7+ Kxe7 53.
Qxc5+ Ke8 54. Qe5+ Kf7 55. Qc7+ Kg8 56. Qd8+ Kf7 57. Qc7+ Kg8 58. Qd8+ Kf7 1/2-1/2

[Event "13th EICC"]
[Site "Plovdiv BUL"]
[Date "2012.03.22"]
[Round "3.40"]
[White "Michalik, Peter"]
[Black "Lysyj, Igor"]
[Result "0-1"]
[WhiteTitle "GM"]
[BlackTitle "GM"]
[WhiteElo "2529"]
[BlackElo "2656"]
[WhiteFideId "14907526"]
[BlackFideId "4150120"]
[EventDate "2012.03.20"]
[EventType "swiss"]

1. e4 e5 2. Nf3 Nc6 3. Bb5 Nf6 4. d3 Bc5 5. Bxc6 dxc6 6. O-O Nd7 7. Nbd2 O-O 8.
Nc4 Re8 9. a4 f6 10. Bd2 Nf8 11. Nh4 Ne6 12. Nf5 Bf8 13. Kh1 c5 14. f4 exf4 15.
Bxf4 Nxf4 16. Rxf4 Be6 17. b3 a6 18. a5 b5 19. axb6 cxb6 20. Nce3 g6 21. Ng3 Bh6
22. Rf3 b5 23. c4 Bxe3 24. Rxe3 a5 25. Ne2 a4 26. bxa4 bxc4 27. d4 cxd4 28. Qxd4
Qxd4 29. Nxd4 Bd5 30. Nb5 Rxe4 31. Rxe4 Bxe4 32. a5 Rb8 33. Nc3 Ba8 34. Ra4 Rb2
35. Rxc4 Kf7 36. Kg1 Rxg2+ 37. Kf1 Rxh2 38. Rc8 Bf3 39. a6 Rc2 40. a7 h5 41.
Rc7+ Ke6 42. Ne4 Ra2 43. Nc3 Ra5 44. Kf2 Ba8 45. Rh7 g5 46. Rxh5 Rxa7 47. Rh8
Kf5 48. Ne2 Ra2 49. Rb8 Be4 50. Ke3 Ra3+ 51. Kf2 Kg4 52. Re8 f5 53. Nd4 Ra2+ 54.
Ke3 Bb1 0-1

[Event "13th EICC"]
[Site "Plovdiv BUL"]
[Date "2012.03.22"]
[Round "3.42"]
[White "Rasulov, Vugar"]
[Black "Fridman, Daniel"]
[Result "1/2-1/2"]
[WhiteTitle "GM"]
[BlackTitle "GM"]
[WhiteElo "2526"]
[BlackElo "2653"]
[WhiteFideId "13402390"]
[BlackFideId "11600454"]
[EventDate "2012.03.20"]
[EventType "swiss"]

1. e4 e5 2. Nf3 Nf6 3. Nxe5 d6 4. Nf3 Nxe4 5. d4 d5 6. Bd3 Nc6 7. O-O Be7 8. Re1
Bg4 9. c3 f5 10. Qb3 O-O 11. Nbd2 Na5 12. Qc2 Nc6 13. b4 a6 14. a4 Bd6 15. Ba3
Qf6 16. b5 axb5 17. Bxd6 cxd6 18. axb5 Na5 19. b6 Rfc8 20. Ra3 Bxf3 21. Nxf3 Nc4
22. Rxa8 Rxa8 23. Qb3 Qf7 24. h3 h6 25. Nh2 Ra3 26. Qb4 Ra2 27. Bxc4 dxc4 28. f3
Ng3 29. Qxd6 Ne2+ 30. Kf1 Nxc3 31. Re7 Qd5 32. Qg6 Ra1+ 33. Kf2 Qxd4+ 34. Kg3
Ra8 35. Nf1 Nd5 36. Qd6 Kh7 37. Kh2 c3 38. Ne3 Qf4+ 39. Qxf4 Nxf4 40. Rxb7 Ne6
41. Re7 Nd4 42. Rc7 Rb8 43. Rxc3 1/2-1/2

[Event "13th EICC"]
[Site "Plovdiv BUL"]
[Date "2012.03.22"]
[Round "3.43"]
[White "Sokolov, Ivan"]
[Black "Neverov, Valeriy"]
[Result "1-0"]
[WhiteTitle "GM"]
[BlackTitle "GM"]
[WhiteElo "2653"]
[BlackElo "2544"]
[WhiteFideId "14400030"]
[BlackFideId "14100150"]
[EventDate "2012.03.20"]
[EventType "swiss"]

1. d4 Nf6 2. c4 g6 3. Nc3 d5 4. Nf3 Bg7 5. Qa4+ Bd7 6. Qb3 dxc4 7. Qxc4 O-O 8.
Bf4 Bc6 9. Rd1 Bxf3 10. gxf3 c6 11. e4 Nbd7 12. Be2 e6 13. h4 Qe7 14. Be3 e5 15.
dxe5 Nxe5 16. Qc5 Qxc5 17. Bxc5 Rfe8 18. Be3 Ned7 19. h5 Nb6 20. hxg6 hxg6 21.
a4 Rad8 22. O-O Nh7 23. a5 Nc8 24. f4 Nf8 25. Bg4 Nd6 26. e5 Nc4 27. Bxa7 Ra8
28. Bd4 Nxb2 29. Rb1 Nd3 30. Ne2 Rxa5 31. Rxb7 Ra4 32. Rd1 c5 33. Rxd3 cxd4 34.
Kg2 Rea8 35. Rbb3 g5 36. fxg5 Bxe5 37. f4 Bd6 38. Kf3 Ng6 39. Bh5 Nh4+ 40. Kg4
Ng2 41. Rb7 Rf8 42. Rd7 Bb8 43. Kg3 Ne3 44. Rb3 Ba7 45. Rbb7 d3 46. Nc3 Rc4 47.
Nb1 Rc1 48. Nd2 Nf5+ 49. Kg4 Ne3+ 50. Kf3 Nf1 51. Ne4 d2 52. Nf6+ Kh8 53. Rxa7
d1=Q+ 54. Rxd1 Rxd1 55. Bxf7 Rd6 56. Be6 Nd2+ 57. Kg4 Rxf6 58. gxf6 Rxe6 59.
Ra8+ Kh7 60. f7 1-0

[Event "13th EICC"]
[Site "Plovdiv BUL"]
[Date "2012.03.22"]
[Round "3.44"]
[White "Zhigalko, Sergei"]
[Black "Guliyev, Namig"]
[Result "1-0"]
[WhiteTitle "GM"]
[BlackTitle "GM"]
[WhiteElo "2649"]
[BlackElo "2532"]
[WhiteFideId "13502956"]
[BlackFideId "13400363"]
[EventDate "2012.03.20"]
[EventType "swiss"]

1. e4 e5 2. Nf3 Nf6 3. Nxe5 d6 4. Nf3 Nxe4 5. Nc3 Nf6 6. d4 Be7 7. Bd3 O-O 8. h3
b6 9. O-O Bb7 10. Re1 Nbd7 11. Bf4 Re8 12. d5 Bf8 13. Qd2 Rxe1+ 14. Rxe1 a6 15.
Bg5 h6 16. Bh4 b5 17. a3 Nb6 18. Nd4 Nbxd5 19. Nxd5 Bxd5 20. Qf4 c5 21. Nf5 g5
22. Bxg5 hxg5 23. Qxg5+ Kh8 24. Re8 Nxe8 25. Qh5+ Kg8 26. Ne7+ 1-0

[Event "13th EICC"]
[Site "Plovdiv BUL"]
[Date "2012.03.22"]
[Round "3.46"]
[White "Petrosian, Tigran L."]
[Black "Sebenik, Matej"]
[Result "1/2-1/2"]
[WhiteTitle "GM"]
[BlackTitle "IM"]
[WhiteElo "2643"]
[BlackElo "2529"]
[WhiteFideId "13301616"]
[BlackFideId "14602296"]
[EventDate "2012.03.20"]
[EventType "swiss"]

1. d4 Nf6 2. c4 g6 3. g3 Bg7 4. Bg2 O-O 5. Nc3 d6 6. Nf3 c6 7. O-O Bf5 8. Ne1
Be6 9. b3 d5 10. Nd3 dxc4 11. Nc5 Bc8 12. bxc4 Nbd7 13. Nb3 e5 14. d5 e4 15.
Nxe4 Nxe4 16. Bxe4 Nb6 17. Qd3 cxd5 18. cxd5 Bh3 19. Rd1 Re8 20. Bf3 Rc8 21. Nd4
Nxd5 22. Bb2 Nb6 23. Rac1 Rxc1 24. Bxc1 Qe7 25. Be3 Nd7 26. Qb3 Ne5 27. Qxb7
Nxf3+ 28. Qxf3 Rd8 29. Qf4 g5 30. Qf3 Qe6 31. g4 Bxg4 32. Qg3 Qe4 33. h3 Bxe2
34. Rd2 Ba6 35. Qxg5 Rc8 36. f3 Qg6 37. Nf5 Re8 38. Kf2 Bf6 39. Nh6+ Kg7 40.
Nf5+ Kg8 41. Nh6+ Kg7 42. Qxg6+ hxg6 43. Ng4 Bh4+ 44. Kg2 Bc4 45. Bd4+ Kf8 46.
Bxa7 Ra8 47. Ne5 Be6 48. Nc6 Bg5 49. Rc2 Kg7 50. Bd4+ Bf6 51. Bxf6+ Kxf6 52. Nd4
Bxa2 53. h4 Ra4 54. Kg3 Rxd4 1/2-1/2

[Event "13th EICC"]
[Site "Plovdiv BUL"]
[Date "2012.03.22"]
[Round "3.47"]
[White "Miron, Lucian-Costin"]
[Black "Najer, Evgeniy"]
[Result "1/2-1/2"]
[WhiteTitle "IM"]
[BlackTitle "GM"]
[WhiteElo "2518"]
[BlackElo "2640"]
[WhiteFideId "1210920"]
[BlackFideId "4118987"]
[EventDate "2012.03.20"]
[EventType "swiss"]

1. d4 Nf6 2. c4 g6 3. Nf3 Bg7 4. g3 d5 5. Bg2 dxc4 6. O-O O-O 7. Na3 c3 8. bxc3
c5 9. Nc4 Nc6 10. Nce5 Nxe5 11. Nxe5 Nd5 12. Qd3 Be6 13. f4 cxd4 14. cxd4 Nb4
15. Qd2 Nc2 16. Rb1 Qxd4+ 17. Qxd4 Nxd4 18. Be3 Nxe2+ 19. Kf2 Nc3 20. Rxb7 a5
21. Nc6 Bxa2 22. Bd2 Rad8 23. Nxd8 Rxd8 24. Ke1 a4 25. Rf3 Ne4 26. Ra3 Bd5 27.
Ra7 e6 28. Bxe4 Bxe4 29. R7xa4 Bd5 30. Bc3 Rb8 31. Bxg7 Rb1+ 32. Kd2 Kxg7 33.
Ke3 Rb2 34. h4 h5 35. Ra7 Kf6 36. Rc3 e5 37. Ra6+ Be6 38. fxe5+ Kxe5 39. Ra5+
Kf6 40. Kf4 Rb4+ 41. Ke3 Rb2 42. Kf4 Rb4+ 43. Ke3 Rb2 44. Ke4 1/2-1/2

[Event "13th EICC"]
[Site "Plovdiv BUL"]
[Date "2012.03.22"]
[Round "3.48"]
[White "Onischuk, Vladimir"]
[Black "Matlakov, Maxim"]
[Result "0-1"]
[WhiteTitle "GM"]
[BlackTitle "GM"]
[WhiteElo "2516"]
[BlackElo "2632"]
[WhiteFideId "14114038"]
[BlackFideId "4168003"]
[EventDate "2012.03.20"]
[EventType "swiss"]

1. e4 c6 2. d4 d5 3. e5 Bf5 4. Nc3 e6 5. g4 Bg6 6. Nge2 f6 7. h4 Nd7 8. h5 Bf7
9. f4 Qb6 10. a4 Bb4 11. Qd3 c5 12. Be3 fxe5 13. fxe5 Ne7 14. O-O-O Nc6 15. dxc5
Nxc5 16. Bxc5 Bxc5 17. Qg3 Bf2 18. Qh2 O-O 19. Kb1 Be8 20. Bh3 Na5 21. g5 Nc4
22. b3 Be3 23. Qg3 Nd2+ 24. Ka2 d4 25. Rxd2 Bxd2 26. Ne4 Be3 27. Nd6 Bd7 28. Rd1
Qc5 29. Kb1 Rac8 30. Nc4 Kh8 31. h6 g6 32. Qg4 b5 33. axb5 Bxb5 34. Qxe6 Bxc4
35. Qxc4 Qxc4 36. bxc4 Rxc4 37. c3 dxc3 38. Kc2 Bxg5 0-1

[Event "13th EICC"]
[Site "Plovdiv BUL"]
[Date "2012.03.22"]
[Round "3.49"]
[White "Erdos, Viktor"]
[Black "Heberla, Bartlomiej"]
[Result "1/2-1/2"]
[WhiteTitle "GM"]
[BlackTitle "GM"]
[WhiteElo "2631"]
[BlackElo "2525"]
[WhiteFideId "719978"]
[BlackFideId "1115120"]
[EventDate "2012.03.20"]
[EventType "swiss"]

1. c4 e6 2. g3 d5 3. Bg2 Nf6 4. d4 Bb4+ 5. Nd2 O-O 6. Nf3 dxc4 7. Qc2 Nc6 8.
Qxc4 Qd5 9. O-O Bxd2 10. Qxd5 exd5 11. Bxd2 Bg4 12. Rfc1 Rac8 13. e3 Bxf3 14.
Bxf3 Rfe8 15. Rc2 Ne7 16. a4 c6 17. Bb4 Rcd8 18. Ba3 a6 19. Be2 Ne4 20. Bd3 Nd6
21. Bc5 Nec8 22. b4 Ne4 23. b5 Nxc5 24. Rxc5 axb5 25. axb5 Ne7 26. Ra7 Rb8 27.
Kg2 Kf8 28. g4 h6 29. h4 Nc8 30. Ra2 Ne7 31. Bf5 Red8 32. Ra7 g6 33. Bd3 Re8 34.
Rc1 Nc8 35. Ra2 Ne7 36. f4 Ra8 37. Rca1 Rxa2+ 38. Rxa2 Nc8 39. Kf3 Nd6 40. bxc6
bxc6 41. Rc2 Rc8 42. g5 hxg5 43. hxg5 Ke7 44. Bf1 Rc7 45. Bd3 Kd7 46. e4 dxe4+
47. Bxe4 Nxe4 48. Kxe4 Ra7 49. Rb2 1/2-1/2

[Event "13th EICC"]
[Site "Plovdiv BUL"]
[Date "2012.03.22"]
[Round "3.51"]
[White "Holzke, Frank"]
[Black "Mchedlishvili, Mikheil"]
[Result "1/2-1/2"]
[WhiteTitle "GM"]
[BlackTitle "GM"]
[WhiteElo "2508"]
[BlackElo "2626"]
[WhiteFideId "4600428"]
[BlackFideId "13600966"]
[EventDate "2012.03.20"]
[EventType "swiss"]

1. d4 Nf6 2. Nf3 e6 3. c4 d5 4. Nc3 Bb4 5. Bg5 Nbd7 6. cxd5 exd5 7. Qc2 c5 8. a3
Bxc3+ 9. Qxc3 c4 10. Qe3+ Qe7 11. Qxe7+ Kxe7 12. e4 dxe4 13. Ne5 Nb6 14. Nxc4
Nd5 15. Be2 h6 16. Bxf6+ Nxf6 17. Ne3 Rd8 18. Rc1 Ne8 19. O-O Be6 20. Rfd1 Rac8
21. Rxc8 Rxc8 22. f3 exf3 23. Bxf3 Nd6 24. Kf2 f5 25. g3 g5 26. Ke2 b6 27. Kd3
Kf7 28. Bd5 Bxd5 29. Nxd5 Nc4 30. Rb1 Ke6 31. Nc3 f4 32. gxf4 gxf4 33. b3 Ne3
34. Rg1 Kf5 35. Ne4 Rc2 36. Nd6+ Kf6 37. Ne4+ Kf7 38. Nd6+ Kf8 39. Ke4 Rxh2 40.
Kxf4 Nd5+ 41. Ke5 Rh5+ 42. Ke6 Nf4+ 43. Kf6 Rd5 44. Nf5 Nh5+ 45. Ke6 Nf4+ 1/2-1/2

[Event "13th EICC"]
[Site "Plovdiv BUL"]
[Date "2012.03.22"]
[Round "3.53"]
[White "Delchev, Aleksander"]
[Black "Mastrovasilis, Athanasios"]
[Result "1-0"]
[WhiteTitle "GM"]
[BlackTitle "GM"]
[WhiteElo "2622"]
[BlackElo "2510"]
[WhiteFideId "2900394"]
[BlackFideId "4201990"]
[EventDate "2012.03.20"]
[EventType "swiss"]

1. c4 e6 2. g3 Nf6 3. Bg2 d5 4. Nf3 dxc4 5. Qa4+ c6 6. Qxc4 b5 7. Qc2 Bb7 8. O-O
Nbd7 9. Nc3 a6 10. a4 Qb6 11. d3 Rc8 12. e4 c5 13. axb5 axb5 14. h3 Be7 15. Be3
O-O 16. b4 Qc6 17. Qb1 e5 18. Rc1 cxb4 19. Nd5 Qd6 20. Nxe7+ Qxe7 21. Qb2 Rxc1+
22. Rxc1 Rc8 23. Rxc8+ Bxc8 24. Bd2 Qd6 25. Bf1 Ne8 26. Bxb4 Qe6 27. Qc3 Bb7 28.
h4 h6 29. h5 Nef6 30. Qc7 Qb6 31. Qxb6 Nxb6 32. Nxe5 Nxh5 33. Ba5 Nc8 34. Be2
Nf6 35. Bd1 Ne8 36. Bb3 Ncd6 37. f4 g5 38. f5 Kg7 39. Bc3 f6 40. Nd7 Bxe4 41.
dxe4 Nxe4 42. Be1 N8d6 43. Bc2 h5 44. Kg2 g4 45. Bb4 Kf7 46. Nb6 Kg8 47. Nd5 Kg7
48. Nc7 Kh6 49. Nxb5 1-0

[Event "13th EICC"]
[Site "Plovdiv BUL"]
[Date "2012.03.22"]
[Round "3.54"]
[White "Klein, David"]
[Black "Salgado Lopez, Ivan"]
[Result "1/2-1/2"]
[WhiteTitle "FM"]
[BlackTitle "GM"]
[WhiteElo "2418"]
[BlackElo "2621"]
[WhiteFideId "1003623"]
[BlackFideId "2257327"]
[EventDate "2012.03.20"]
[EventType "swiss"]

1. e4 e5 2. Nf3 Nc6 3. d4 exd4 4. Nxd4 Nf6 5. Nxc6 bxc6 6. e5 Qe7 7. Qe2 Nd5 8.
c4 Nb6 9. Nd2 Bb7 10. b3 O-O-O 11. Bb2 f6 12. exf6 Qf7 13. O-O-O gxf6 14. Qf3
Rg8 15. Bd3 f5 16. Qxf5 Qxf5 17. Bxf5 Rxg2 18. Bxh7 Bh6 19. Kb1 c5 20. Be4 Rxf2
21. Bxb7+ Kxb7 22. Ne4 Rf5 23. Rdf1 Rdf8 24. Rxf5 Rxf5 25. h4 Nc8 26. h5 Ne7 27.
Nf6 d6 28. Ng4 Ng8 29. Nxh6 Nxh6 30. Bg7 Nf7 31. h6 Ng5 32. Rg1 Nh7 33. Bb2 Rh5
34. Bc1 Nf8 35. Kc2 Rh3 36. Rg7 Ne6 37. Rf7 Nd4+ 38. Kb1 Rh1 39. Kb2 Rh2+ 40.
Kb1 Rh1 41. Kb2 1/2-1/2

[Event "13th EICC"]
[Site "Plovdiv BUL"]
[Date "2012.03.22"]
[Round "3.58"]
[White "Howell, David W L"]
[Black "Azaladze, Shota"]
[Result "0-1"]
[WhiteTitle "GM"]
[BlackTitle "IM"]
[WhiteElo "2614"]
[BlackElo "2419"]
[WhiteFideId "410608"]
[BlackFideId "13603027"]
[EventDate "2012.03.20"]
[EventType "swiss"]

1. d4 g6 2. e4 Bg7 3. Nc3 c6 4. h3 d5 5. Nf3 Nf6 6. e5 Ne4 7. Nxe4 dxe4 8. Ng5
c5 9. e6 Bxe6 10. Nxe6 fxe6 11. dxc5 Nd7 12. Bc4 Nxc5 13. Qe2 a6 14. a4 Qa5+ 15.
Bd2 Qb6 16. Ra2 Qc6 17. b4 e3 18. Bxe3 Qxg2 19. Qf1 Bc3+ 20. Kd1 Qf3+ 21. Kc1
Bxb4 22. c3 Bxc3 23. Bxc5 Rc8 24. Be3 Rxc4 25. Qxc4 Qxh1+ 26. Kc2 Be5 27. Qxe6
Qc6+ 28. Qxc6+ bxc6 29. f4 Bd6 30. Rb2 Rf8 31. Rb6 Bxf4 32. Bg1 a5 33. Rxc6 Bd6
34. Rc8+ Kf7 35. Rxf8+ Kxf8 36. Bb6 Bb4 37. Kd3 Kf7 38. Ke4 g5 39. Kf5 h6 40.
Bd8 Be1 41. Kg4 e6 42. Kh5 Kg7 43. Bc7 Bc3 44. h4 gxh4 45. Kxh4 Kg6 46. Kg4 e5
47. Bd8 h5+ 48. Kf3 Kf5 49. Be7 e4+ 50. Ke3 Kg4 51. Kxe4 h4 52. Ke3 Kg3 53. Ke2
h3 0-1

[Event "13th EICC"]
[Site "Plovdiv BUL"]
[Date "2012.03.22"]
[Round "3.59"]
[White "Alekseenko, Kirill"]
[Black "L'Ami, Erwin"]
[Result "1/2-1/2"]
[WhiteTitle "FM"]
[BlackTitle "GM"]
[WhiteElo "2367"]
[BlackElo "2611"]
[WhiteFideId "4135539"]
[BlackFideId "1007998"]
[EventDate "2012.03.20"]
[EventType "swiss"]

1. e4 e5 2. Nf3 Nc6 3. Bb5 Nf6 4. d3 d6 5. O-O g6 6. c3 Bg7 7. Nbd2 O-O 8. Re1
Kh8 9. d4 Bd7 10. Ba4 Qe8 11. Bc2 Ng8 12. dxe5 dxe5 13. Nc4 f6 14. Ne3 Be6 15.
Bb3 Nd8 16. g3 Qf7 17. Qc2 Bxb3 18. axb3 Ne6 19. Nc4 a6 20. b4 Bh6 21. Na5 c6
22. Bxh6 Nxh6 23. Rad1 Rad8 24. Qc1 Kg7 25. Qe3 Qc7 26. Nb3 Nf7 27. Nfd2 Rd7 28.
Nc4 Rfd8 29. Rxd7 Qxd7 30. Nc5 Nxc5 31. bxc5 Qg4 32. Qe2 Qe6 33. h4 h5 34. Kg2
Rd7 35. Nb6 Rd8 36. Rd1 Qe7 37. b4 a5 38. Rxd8 Nxd8 39. bxa5 Qxc5 40. Qd3 Nf7
41. Nc8 Qxa5 42. Qd7 Qd8 43. Qxb7 c5 44. Nb6 Qd6 45. Nd7 Nd8 46. Qc8 Ne6 47. Nb8
g5 48. hxg5 Nxg5 49. Nd7 Nxe4 50. Qb7 Qe7 51. Qc6 Nxc3 52. Nxc5 Ne2 53. Ne6+ Kf7
54. Qf3 Kxe6 55. Qxe2 Qe8 56. Qf3 Qg6 57. Qb7 Qg4 58. Qb3+ Ke7 59. Qb7+ Kf8 60.
Qh7 e4 61. Kh2 Qf3 62. Kg1 Ke8 63. Qg8+ Ke7 64. Qg7+ Kd6 65. Qf8+ Kd5 66. Qa8+
Kc4 67. Qa4+ Kc3 68. Qa3+ Kc4 69. Qa4+ Kc3 70. Qa3+ Kc4 1/2-1/2

[Event "13th EICC"]
[Site "Plovdiv BUL"]
[Date "2012.03.22"]
[Round "3.60"]
[White "Kempinski, Robert"]
[Black "Givon, Asaf"]
[Result "1-0"]
[WhiteTitle "GM"]
[BlackTitle "FM"]
[WhiteElo "2610"]
[BlackElo "2340"]
[WhiteFideId "1105663"]
[BlackFideId "2801841"]
[EventDate "2012.03.20"]
[EventType "swiss"]

1. d4 Nf6 2. c4 g6 3. g3 c6 4. Nf3 d5 5. cxd5 cxd5 6. Ne5 Bg7 7. Bg2 Ne4 8. O-O
O-O 9. f3 Nd6 10. Nc3 e6 11. f4 Nd7 12. Be3 Qa5 13. Bf2 Nf6 14. Qb3 Bd7 15. e4
dxe4 16. Nxd7 Nxd7 17. Nxe4 Nxe4 18. Bxe4 Rab8 19. Rac1 Rfd8 20. Rfd1 Nb6 21. d5
Nxd5 22. Rc5 Qa6 23. Bxd5 exd5 24. Rcxd5 Rxd5 25. Rxd5 Rc8 26. Rd1 Kf8 27. Rd7
Rc1+ 28. Kg2 1-0

[Event "13th EICC"]
[Site "Plovdiv BUL"]
[Date "2012.03.22"]
[Round "3.61"]
[White "Boruchovsky, Avital"]
[Black "Stocek, Jiri"]
[Result "1/2-1/2"]
[WhiteTitle "FM"]
[BlackTitle "GM"]
[WhiteElo "2333"]
[BlackElo "2606"]
[WhiteFideId "2800055"]
[BlackFideId "304760"]
[EventDate "2012.03.20"]
[EventType "swiss"]

1. e4 e5 2. Nf3 Nc6 3. Bb5 a6 4. Ba4 Nf6 5. O-O Be7 6. Re1 b5 7. Bb3 d6 8. c3
O-O 9. h3 h6 10. d4 Re8 11. Nbd2 Bf8 12. Nf1 Bd7 13. Ng3 Rb8 14. a3 Na5 15. Bc2
Nc4 16. b3 Nb6 17. Be3 exd4 18. cxd4 c5 19. dxc5 dxc5 20. e5 Nfd5 21. Bxh6 gxh6
22. Qd3 f5 23. exf6 Nxf6 24. Nh5 Nbd5 25. Qg6+ Kh8 26. Ne5 Rxe5 27. Rxe5 Be8 28.
Rxd5 Bxg6 29. Rxd8 Rxd8 30. Bxg6 Nxh5 31. Bxh5 Rd3 32. Bf7 Bg7 33. Ra2 Rd1+ 34.
Kh2 Be5+ 35. g3 Kg7 36. Be6 Kf6 37. Bg8 Kg7 38. Be6 Kf6 39. Bg8 Kg7 40. Be6 Kf6 1/2-1/2

[Event "13th EICC"]
[Site "Plovdiv BUL"]
[Date "2012.03.22"]
[Round "3.62"]
[White "Lomsadze, Davit"]
[Black "Solak, Dragan"]
[Result "1/2-1/2"]
[BlackTitle "GM"]
[WhiteElo "2338"]
[BlackElo "2602"]
[WhiteFideId "13603450"]
[BlackFideId "916811"]
[EventDate "2012.03.20"]
[EventType "swiss"]

1. d4 d5 2. Nf3 Nf6 3. g3 c6 4. Bg2 Bf5 5. O-O e6 6. Nbd2 Nbd7 7. c3 Bd6 8. Re1
O-O 9. Nh4 Re8 10. a4 Qc7 11. Qb3 Rad8 12. c4 Bg6 13. Nxg6 hxg6 14. a5 c5 15. a6
bxa6 16. e3 cxd4 17. exd4 e5 18. cxd5 exd4 19. Rxe8+ Rxe8 20. Qd1 Bc5 21. Nb3
Bb6 22. Bf4 Qc4 23. Rc1 Qb4 24. h3 a5 25. Kh2 a4 26. Nd2 Qxb2 27. Rb1 Qc3 28.
Qxa4 d3 29. Rb3 Qc2 30. Qb5 Bxf2 31. Qxd3 Qc5 32. Rc3 Qd4 33. Qxd4 Bxd4 34. Rc6
Be3 35. Nc4 Bxf4 36. gxf4 Rd8 37. Bf3 Nb6 38. Nxb6 axb6 39. Rxb6 Nxd5 40. Bxd5
Rxd5 41. Rb8+ Kh7 42. h4 Rd2+ 43. Kg3 Rd3+ 44. Kg2 Rc3 45. Rf8 f6 46. Ra8 Rc4
47. Kg3 Rc5 48. Rf8 Rc7 49. Kg2 Rc2+ 50. Kg3 Rc1 51. Kg2 g5 52. hxg5 fxg5 53.
fxg5 Kg6 54. Ra8 Kxg5 55. Ra5+ Kg4 56. Ra4+ Kh5 57. Ra5+ g5 58. Ra4 Rc2+ 1/2-1/2

[Event "13th EICC"]
[Site "Plovdiv BUL"]
[Date "2012.03.22"]
[Round "3.65"]
[White "Jobava, Baadur"]
[Black "Bukal, Vladimir Jr."]
[Result "1-0"]
[WhiteTitle "GM"]
[BlackTitle "IM"]
[WhiteElo "2706"]
[BlackElo "2441"]
[WhiteFideId "13601520"]
[BlackFideId "14502941"]
[EventDate "2012.03.20"]
[EventType "swiss"]

1. e4 e6 2. d4 d5 3. Nc3 Bb4 4. exd5 exd5 5. Qf3 Qe7+ 6. Ne2 Nc6 7. Qe3 Nf6 8.
a3 Ba5 9. f3 h5 10. Qd3 Be6 11. Bg5 O-O-O 12. O-O-O Bb6 13. Na4 Na5 14. Nxb6+
axb6 15. Nf4 Qd6 16. Qe3 Nc4 17. Bxc4 dxc4 18. d5 Bf5 19. Qd4 b5 20. Rhe1 Rde8
21. Bxf6 gxf6 22. Ne2 Bd7 23. Qa7 Qa6 24. Qxa6 bxa6 25. h4 Re5 26. Nf4 Rg8 27.
Kd2 c5 28. dxc6 Bxc6 29. Kc3 Rf5 30. Rd4 Re5 31. Red1 Kc7 32. a4 Re3+ 33. Kd2
Re5 34. a5 Rb8 35. Ra1 Rc5 36. Re1 Re5 37. Re2 Rg8 38. Ke1 Bb7 39. Kf2 Bc6 40.
b3 cxb3 41. cxb3 b4 42. Rc2 Rc8 43. Nd5+ Kb7 44. Rxb4+ 1-0

[Event "13th EICC"]
[Site "Plovdiv BUL"]
[Date "2012.03.22"]
[Round "3.68"]
[White "Fodor, Tamas Jr."]
[Black "Efimenko, Zahar"]
[Result "1/2-1/2"]
[WhiteTitle "FM"]
[BlackTitle "GM"]
[WhiteElo "2482"]
[BlackElo "2695"]
[WhiteFideId "723762"]
[BlackFideId "14107201"]
[EventDate "2012.03.20"]
[EventType "swiss"]

1. d4 c5 2. d5 d6 3. Nc3 Nf6 4. e4 g6 5. f4 Bg7 6. Bb5+ Nfd7 7. Bd3 O-O 8. Nf3
e6 9. O-O Nb6 10. a4 a5 11. Kh1 exd5 12. Nxd5 Nxd5 13. exd5 Na6 14. c3 f5 15.
Rb1 Bd7 16. Bd2 Nc7 17. c4 Na6 18. Bc3 Nb4 19. Bxg7 Kxg7 20. b3 Qf6 21. Qd2 Rae8
22. Rbe1 Nxd3 23. Qxd3 h6 24. Rxe8 Rxe8 25. Re1 Rxe1+ 26. Nxe1 g5 27. Qd2 b6 28.
Nf3 Qa1+ 29. Ng1 gxf4 30. Qxf4 Qe5 31. Qh4 Qf6 32. Qf4 Be8 33. h3 Bh5 34. Nf3
Bxf3 35. Qxf3 Qe5 36. Qh5 Qe4 37. Kh2 Qf4+ 38. Kg1 Qe5 39. Qh4 f4 40. Qd8 Qe1+
41. Kh2 Qg3+ 42. Kh1 Qe1+ 43. Kh2 1/2-1/2

[Event "13th EICC"]
[Site "Plovdiv BUL"]
[Date "2012.03.22"]
[Round "3.70"]
[White "Simacek, Pavel"]
[Black "Akopian, Vladimir"]
[Result "0-1"]
[WhiteTitle "IM"]
[BlackTitle "GM"]
[WhiteElo "2447"]
[BlackElo "2684"]
[WhiteFideId "307165"]
[BlackFideId "13300032"]
[EventDate "2012.03.20"]
[EventType "swiss"]

1. e4 c5 2. Nf3 e6 3. d4 cxd4 4. Nxd4 a6 5. Bd3 Nf6 6. O-O Qc7 7. Qe2 d6 8. c4
g6 9. Nc3 Bg7 10. Be3 O-O 11. Rfd1 b6 12. Rac1 Bb7 13. f3 Nbd7 14. Qf2 Rac8 15.
Bf1 Rfd8 16. b4 Qb8 17. Nb3 Ba8 18. Na4 Rc6 19. Nd4 Rc7 20. Nb3 b5 21. Nb6 bxc4
22. Rxc4 Rxc4 23. Bxc4 Ne5 24. Be2 d5 25. Nxa8 Qxa8 26. exd5 Nxd5 27. Bc5 Nd7
28. a3 Nc3 29. Rd3 Nxc5 30. Nxc5 Bd4 31. Rxd4 Nxe2+ 32. Qxe2 Rxd4 33. Nxe6 Rd6
34. Nc5 Qd8 35. Qe4 Rd4 36. Nb7 Rd1+ 37. Kf2 Qg5 38. h4 Qf6 39. Nc5 Kg7 40. Nd3
Ra1 41. h5 Rxa3 42. Ne5 gxh5 43. Nd7 Ra2+ 44. Kg1 Qb2 0-1

[Event "13th EICC"]
[Site "Plovdiv BUL"]
[Date "2012.03.22"]
[Round "3.72"]
[White "Azarov, Sergei"]
[Black "Sharafiev, Azat"]
[Result "1-0"]
[WhiteTitle "GM"]
[BlackTitle "IM"]
[WhiteElo "2667"]
[BlackElo "2433"]
[WhiteFideId "13501470"]
[BlackFideId "4186214"]
[EventDate "2012.03.20"]
[EventType "swiss"]

1. e4 c5 2. Nf3 d6 3. d4 cxd4 4. Nxd4 Nf6 5. Nc3 Nc6 6. Bc4 e6 7. Be3 a6 8. Qe2
Qc7 9. O-O-O Na5 10. Bd3 b5 11. a3 Rb8 12. f4 Nc4 13. e5 dxe5 14. fxe5 Nxb2 15.
Kxb2 b4 16. Ncb5 Qxe5 17. Bf2 Qxe2 18. Nc7+ Kd7 19. Bxe2 Kxc7 20. Bg3+ Bd6 21.
Nxe6+ Bxe6 22. Bxd6+ Kc6 23. axb4 Rbd8 24. Be5 Nd5 25. Bf3 Kb5 26. c4+ Kxc4 27.
Rd4+ Kb5 28. Ra1 f6 29. Bg3 Kc6 30. Rc1+ Kb6 31. Rcd1 Kc6 32. Rc1+ Kb6 33. Bf2
Kb7 34. Rc5 Rhe8 35. Ka3 g6 36. Bg3 h5 37. Bxd5+ Bxd5 38. Rcxd5 Rxd5 39. Rxd5
Re2 40. Rd7+ Kc6 41. Rd6+ Kb5 42. Rxf6 Re3+ 43. Kb2 Kxb4 44. Rxg6 1-0